[Event "Capablanca mem"]
[Site "Matanzas"]
[Date "1995.??.??"]
[Round "8"]
[White "Lima, Darcy"]
[Black "Miles, Anthony J"]
[Result "0-1"]
[WhiteElo "2505"]
[BlackElo "2615"]
[PlyCount "82"]
[EventDate "1995.05.??"]
[Source "ChessBase"]

1. e4 Nc6 2. Nc3 e6 3. Nf3 Bb4 4. a3 Bxc3 5. dxc3 d6 6. g3 Nge7 7. Bg2 O-O 8. O-O e5 9. c4 f5 10. exf5 Bxf5 11. Ng5 Qd7 12. Be3 h6 13. Ne4 Bh3 14. Qd3 Rf7 15. b4 Bxg2 16. Kxg2 Nf5 17. c3 Raf8 18. f3 Kh8 19. Rf2 b6 20. Raf1 Nce7 21. Bc1 Ng6 22. Kg1 Nfe7 23. h4 Re8 24. h5 Nf8 25. f4 exf4 26. Bxf4 Ng8 27. Nd2 Nh7 28. c5 dxc5 29. Qxd7 Rxd7 30. bxc5 Nhf6 31. c6 Rde7 32. Rh2 Re6 33. Nf3 Rxc6 34. Rc1 Rc5 35. Nd4 Nxh5 36. Bxc7 Rxc7 37. Rxh5 Re3 38. Kf2 Rexc3 39. Rxc3 Rxc3 40. Nb5 Rc2+ 41. Kf1 a6 0-1

[Event "Biel"]
[Site "?"]
[Date "1990.??.??"]
[Round "?"]
[White "Wahls, M."]
[Black "Miles, A."]
[Result "1/2-1/2"]
[WhiteElo "2525"]
[BlackElo "2595"]
[PlyCount "122"]
[EventDate "1990.??.??"]
[Source "ChessBase"]
[SourceDate "1990.07.01"]

1. e4 Nc6 2. Nf3 d6 3. d4 Nf6 4. Nbd2 Bg4 5. Bb5 a6 6. Bxc6+ bxc6 7. O-O e6 8. c4 Be7 9. Re1 O-O 10. h3 Bh5 11. Qa4 c5 12. dxc5 Nd7 13. cxd6 Bxd6 14. Qc2 f5 15. exf5 exf5 16. b3 Nc5 17. Ne5 Bxe5 18. Rxe5 Nd3 19. Re3 Qd4 20. Rb1 Nxf2 21. Qc3 Qxc3 22. Rxc3 Nd1 23. Rd3 f4 24. Ba3 Rfd8 25. Rxd8+ Rxd8 26. Bb4 Be2 27. Ne4 f3 28. gxf3 Bxf3 29. Nc3 Rd3 30. Nxd1 Bxd1 31. Kh2 h5 32. Rb2 Bf3 33. Rd2 Re3 34. Bc5 Re1 35. Kg3 Rf1 36. Rd8+ Kh7 37. Rd7 Ba8 38. Bd4 Rf3+ 39. Kh2 Rd3 40. Rxg7+ Kh6 41. Be5 Rd2+ 42. Kg1 Rxa2 43. Rg8 Be4 44. Bxc7 Rb2 45. Rg3 Bc2 46. Bf4+ Kh7 47. Rg5 Rxb3 48. Rxh5+ Kg6 49. Rg5+ Kf6 50. h4 Rb4 51. Rc5 Bd3 52. Bg5+ Ke6 53. Rc6+ Kd7 54. Rxa6 Rxc4 55. Rf6 Rc6 56. Rf3 Bg6 57. Kf2 Bh5 58. Rf4 Ke6 59. Rf8 Bf7 60. Kg3 Rc3+ 61. Kg4 Rc4+ 1/2-1/2

[Event "Oslo"]
[Site "Oslo"]
[Date "1984.??.??"]
[Round "?"]
[White "Wedberg, Tom"]
[Black "Miles, Anthony J"]
[Result "1-0"]
[WhiteElo "2495"]
[BlackElo "2615"]
[PlyCount "191"]
[EventDate "1984.04.??"]
[Source "ChessBase"]

1. e4 Nc6 2. Nf3 d6 3. d4 Nf6 4. Nc3 Bg4 5. Be3 e6 6. Be2 Be7 7. Qd2 O-O 8. O-O Re8 9. Rad1 d5 10. e5 Nd7 11. h3 Bh5 12. Nh2 Bg6 13. f4 Nb6 14. a3 Qd7 15. Nf3 Na5 16. b3 Nc6 17. Ra1 Rec8 18. Ne1 Rd8 19. Nd3 Nb8 20. Rfd1 Qc8 21. Qc1 Na6 22. Nc5 Nxc5 23. dxc5 Nd7 24. Na4 b6 25. c4 d4 26. Rxd4 bxc5 27. Rd2 Qb7 28. Qc3 Be4 29. Rad1 Bc6 30. Bf2 Kf8 31. Nxc5 Bxc5 32. Bxc5+ Ke8 33. Bf2 g6 34. Qg3 a5 35. Qg5 Qxb3 36. Bc5 Qxd1+ 37. Rxd1 Nxc5 38. Rxd8+ Rxd8 39. Qg3 a4 40. Qe3 Nb3 41. Bf3 Bd7 42. Qa7 c5 43. Qb6 Nd2 44. Bc6 Nxc4 45. Qxc5 Rc8 46. Bxd7+ Kxd7 47. Qa7+ Rc7 48. Qxa4+ Ke7 49. Qb4+ Kd7 50. Qa4+ Kc8 51. Qa8+ Kd7 52. a4 Nb6 53. Qg8 Kc6 54. a5 Nd5 55. Qb8 Rb7 56. Qc8+ Rc7 57. Qa6+ Kc5 58. Kh2 Kb4 59. Kg3 h6 60. Kh2 Ka4 61. Qa8 Kb5 62. f5 gxf5 63. Qh8 Kxa5 64. Qxh6 Kb5 65. h4 Rc3 66. Qg7 Rc4 67. g3 Ne3 68. Qxf7 Ng4+ 69. Kg2 Rc2+ 70. Kf1 Rc1+ 71. Ke2 Rc5 72. Qd7+ Kb4 73. Qd6 Kb5 74. Kf3 Rxe5 75. Kf4 Re4+ 76. Kg5 Nf2 77. Kf6 Re3 78. Qf4 Ng4+ 79. Ke7 Re4 80. Qd2 Kc5 81. h5 Rd4 82. Qa5+ Kc6 83. Qa6+ Kc5 84. Qc8+ Kb5 85. Kxe6 Nh6 86. Qf8 Kc6 87. Qc8+ Kb5 88. Ke5 Re4+ 89. Kd5 Ng4 90. Qxf5 Rb4 91. Qd7+ Ka6 92. Kc5 Rc4+ 93. Kxc4 Ne5+ 94. Kd5 Nxd7 95. Ke6 Nc5+ 96. Kf5 1-0

[Event "Hastings8788"]
[Site "Hastings ENG"]
[Date "1987.??.??"]
[Round "8"]
[White "Psakhis, Lev B"]
[Black "Benjamin, Joel L"]
[Result "1/2-1/2"]
[WhiteElo "2575"]
[BlackElo "2535"]
[PlyCount "25"]
[EventDate "1987.12.??"]
[Source "www.chesslib.no"]
[SourceDate "2004.05.04"]

1. e4 Nc6 2. Nf3 d6 3. d4 Nf6 4. Nc3 Bg4 5. Be2 e5 6. Be3 Bxf3 7. Bxf3 exd4 8. Bxd4 Nxd4 9. Qxd4 c6 10. O-O-O Qb6 11. Rhe1 Qxd4 12. Rxd4 O-O-O 13. Rdd1 1/2-1/2

[Event "Cappelle Open"]
[Site "Cappelle la Grande FRA"]
[Date "1995.??.??"]
[Round "4"]
[White "Kazhgaleyev, Murtas"]
[Black "Miles, Anthony J"]
[Result "1/2-1/2"]
[WhiteElo "2495"]
[BlackElo "2615"]
[PlyCount "41"]
[EventDate "1995.03.??"]
[Source "www.chesslib.no"]
[SourceDate "2004.05.04"]

1. e4 Nc6 2. Nf3 d6 3. d4 Nf6 4. Nc3 Bg4 5. Be2 e6 6. Be3 Be7 7. d5 exd5 8. exd5 Bxf3 9. Bxf3 Ne5 10. Be2 O-O 11. O-O a6 12. a4 Re8 13. h3 Nfd7 14. Qd2 Ng6 15. g3 Bf6 16. Kg2 Nc5 17. a5 Ne7 18. Bg4 Nd7 19. Ra4 Ne5 20. Ne4 Nxg4 21. hxg4 1/2-1/2

[Event "Moscow 5'"]
[Site "Moscow RUS"]
[Date "1972.??.??"]
[Round "?"]
[White "Tukmakov, Vladimir B"]
[Black "Lutikov, Anatoly S"]
[Result "1-0"]
[WhiteElo "2560"]
[BlackElo "2545"]
[PlyCount "57"]
[EventDate "1972.??.??"]
[Source "www.chesslib.no"]
[SourceDate "2004.05.04"]

1. e4 Nc6 2. d4 d5 3. Nc3 dxe4 4. d5 Ne5 5. Qd4 Ng6 6. Nxe4 e5 7. Qd1 a6 8. Nf3 Nf6 9. Nxf6+ Qxf6 10. Be2 Bc5 11. O-O O-O 12. c3 Nf4 13. Bxf4 Qxf4 14. h3 e4 15. Nd4 Bd6 16. g3 Qe5 17. Kh2 Qxd5 18. Qd2 Re8 19. Rad1 e3 20. fxe3 Bxg3+ 21. Kxg3 Qg5+ 22. Kh2 Rxe3 23. Rf3 Qe5+ 24. Kg2 Re4 25. Bd3 Rh4 26. Re1 Bxh3+ 27. Rxh3 Qd5+ 28. Nf3 Rxh3 29. Bxh7+ 1-0

[Event "Linz"]
[Site "?"]
[Date "1995.??.??"]
[Round "?"]
[White "Leko, P."]
[Black "Teske, H."]
[Result "1-0"]
[WhiteElo "2605"]
[BlackElo "2500"]
[PlyCount "79"]
[EventDate "1995.??.??"]
[Source "ChessBase"]
[SourceDate "1995.06.01"]

1. e4 Nc6 2. Nf3 d6 3. d4 Bg4 4. Bb5 a6 5. Bxc6+ bxc6 6. h3 Bh5 7. Nc3 Nf6 8. Bg5 Rb8 9. Bxf6 gxf6 10. Rb1 Qc8 11. Qd3 Bxf3 12. Qxf3 Bg7 13. O-O O-O 14. Ne2 Kh8 15. Ng3 Rg8 16. Rfe1 Rb5 17. Nf5 Qf8 18. d5 c5 19. b3 Bh6 20. Rbd1 a5 21. Qd3 Rb4 22. a3 Rb6 23. Qc3 Bf4 24. Kh1 a4 25. bxa4 Be5 26. Qc4 Qe8 27. Rb1 Qd7 28. a5 Rb2 29. Rxb2 Bxb2 30. Rb1 Bxa3 31. c3 e6 32. Ne3 Ra8 33. Qb3 Rxa5 34. Nc4 Ra4 35. Ra1 exd5 36. exd5 Rxc4 37. Qxc4 Bb2 38. Rb1 Ba3 39. Qb3 Qf5 40. Ra1 1-0

[Event "Andorra Open"]
[Site "Andorra"]
[Date "1995.??.??"]
[Round "6"]
[White "Becerra Rivero, Julio"]
[Black "Miles, Anthony J"]
[Result "0-1"]
[WhiteElo "2490"]
[BlackElo "2615"]
[PlyCount "94"]
[EventDate "1995.06.??"]
[Source "www.chesslib.no"]
[SourceDate "2004.05.04"]

1. e4 Nc6 2. Nf3 d6 3. d4 Nf6 4. c3 g6 5. Bd3 Bg7 6. Na3 O-O 7. O-O e5 8. dxe5 Nxe5 9. Nxe5 dxe5 10. Qe2 Qe7 11. Bg5 h6 12. Bxf6 Qxf6 13. Bc4 Bd7 14. Rad1 Rad8 15. Rd3 h5 16. Qe3 a6 17. Rfd1 Bg4 18. f3 Bc8 19. Bb3 Rxd3 20. Rxd3 h4 21. h3 Qe7 22. Nc4 Kh7 23. f4 exf4 24. Qxf4 b5 25. Ne3 Be5 26. Qf3 Qg5 27. Rd1 Kg7 28. Rd5 Qg3 29. Ng4 Qxf3 30. gxf3 Bf4 31. Kg2 Re8 32. Rd1 f5 33. Nf2 Bg3 34. Nh1 Bd6 35. Nf2 Kf6 36. Bd5 Rh8 37. Nd3 Rh5 38. f4 fxe4 39. Bxe4 Rh8 40. Bf3 Re8 41. Bg4 Bxg4 42. hxg4 Re3 43. Kf1 Bxf4 44. Nb4 Kg5 45. Nd5 Rf3+ 46. Ke2 Rg3 47. Rd4 Bd6 0-1

[Event "Biel Credis"]
[Site "Biel"]
[Date "1996.??.??"]
[Round "6"]
[White "Gallagher, Joseph G"]
[Black "Rogers, Ian"]
[Result "0-1"]
[WhiteElo "2530"]
[BlackElo "2575"]
[PlyCount "79"]
[EventDate "1996.07.22"]
[Source "ChessBase"]

1. e4 Nc6 2. d4 e5 3. d5 Nce7 4. Bd3 Ng6 5. Be3 Nf6 6. h3 Bb4+ 7. Nd2 O-O 8. c3 Be7 9. Ne2 d6 10. c4 h6 11. Qc2 Nd7 12. Nc3 Bg5 13. Bxg5 Qxg5 14. Bf1 a5 15. g3 Nc5 16. h4 Qd8 17. Nb3 b6 18. h5 Ne7 19. Nxc5 bxc5 20. f4 f6 21. O-O-O c6 22. Bd3 Bd7 23. Rdg1 a4 24. g4 exf4 25. Qh2 Nc8 26. Qxf4 Re8 27. e5 Rxe5 28. Qf3 cxd5 29. Nxd5 Ne7 30. Re1 Nc6 31. Bb1 a3 32. Qd3 axb2+ 33. Kxb2 f5 34. Ka1 Nb4 35. Qc3 Nxd5 36. cxd5 Rxe1 37. Rxe1 fxg4 38. a3 Qh4 39. Rf1 Qh3 40. Qc1 0-1

[Event "6. EICC Qualification"]
[Site "?"]
[Date "2005.07.02"]
[Round "5"]
[White "Bobras Piotr"]
[Black "Minasian Artashes"]
[Result "0-1"]
[WhiteElo "2501"]
[BlackElo "2597"]
[PlyCount "52"]
[EventDate "2005.??.??"]
[Source "www.chesslib.no"]
[SourceDate "2004.05.04"]

1. e4 Nc6 2. Nf3 d6 3. d4 Nf6 4. Nc3 Bg4 5. Be3 e6 6. h3 Bh5 7. d5 exd5 8. exd5 Bxf3 9. Qxf3 Ne5 10. Qe2 Be7 11. O-O-O O-O 12. f4 Ned7 13. g4 Nc5 14. Qf3 a6 15. g5 Nfd7 16. h4 b5 17. Ne2 Re8 18. Nd4 Bf8 19. Nc6 Qc8 20. Kb1 Nb6 21. Bh3 Qb7 22. Bxc5 dxc5 23. h5 Nc4 24. Rhe1 b4 25. g6 Rxe1 26. Rxe1 Nd2+ 0-1

[Event "Palma de Mallorca (GMA)"]
[Site "?"]
[Date "1989.??.??"]
[Round "?"]
[White "Cseshkovsky, V."]
[Black "Miles, A."]
[Result "0-1"]
[WhiteElo "2515"]
[BlackElo "2580"]
[PlyCount "76"]
[EventDate "1989.??.??"]
[Source "ChessBase"]
[SourceDate "1989.07.01"]

1. e4 Nc6 2. Nf3 d6 3. d4 Nf6 4. Nc3 Bg4 5. Be3 e6 6. h3 Bh5 7. Bb5 a6 8. Ba4 Nd7 9. d5 Na5 10. Qe2 b5 11. Bb3 e5 12. a3 Nxb3 13. cxb3 Be7 14. b4 O-O 15. g4 Bg6 16. Nd2 Nb6 17. b3 Rc8 18. a4 c6 19. dxc6 Rxc6 20. Bxb6 Qxb6 21. Nd5 Qb7 22. axb5 axb5 23. O-O Bd8 24. Rfc1 f5 25. exf5 Bxf5 26. Rxc6 Qxc6 27. Qf3 Bd7 28. Qe4 Kh8 29. Rd1 Qa8 30. Nf1 Bc6 31. Nfe3 Rf4 32. Qc2 Rd4 33. Rc1 Bxd5 34. Qc8 Rc4 35. Rxc4 bxc4 36. Qd7 Qa1+ 37. Nf1 cxb3 38. Qxd6 Bg8 0-1

[Event "X Open"]
[Site "Dubai EAU"]
[Date "2008.04.12"]
[Round "7"]
[White "Ramesh, R."]
[Black "Gelashvili, T."]
[Result "0-1"]
[WhiteElo "2472"]
[BlackElo "2622"]
[PlyCount "64"]
[EventDate "2008.04.07"]
[Source "www.chesslib.no"]
[SourceDate "2004.05.04"]

1. e4 Nc6 2. Nf3 d6 3. d4 Nf6 4. Nc3 Bg4 5. Be3 e6 6. Be2 d5 7. exd5 Nxd5 8. Nxd5 Qxd5 9. O-O O-O-O 10. c4 Qf5 11. Qa4 Qa5 12. Qxa5 Nxa5 13. Rac1 Be7 14. h3 Bh5 15. g4 Bg6 16. Ne5 Bf6 17. Rfd1 Bxe5 18. dxe5 Nc6 19. f4 Rxd1+ 20. Rxd1 h5 21. Kg2 hxg4 22. hxg4 Be4+ 23. Kg3 a5 24. a3 a4 25. Rc1 Na5 26. Bd1 Bd3 27. Rc3 Bf1 28. Bxa4 Nxc4 29. Kf2 Nxb2 30. Bb3 Bb5 31. f5 exf5 32. Bxf7 Nd1+ 0-1

[Event "Bad Woerishofen op"]
[Site "Bad Woerishofen"]
[Date "1995.??.??"]
[Round "8"]
[White "Galdunts, Sergey"]
[Black "Miles, Anthony J"]
[Result "0-1"]
[WhiteElo "2475"]
[BlackElo "2615"]
[PlyCount "86"]
[EventDate "1995.03.??"]
[Source "ChessBase"]

1. e4 Nc6 2. Nf3 d6 3. h3 Nf6 4. Nc3 e5 5. d4 exd4 6. Nxd4 g6 7. Bg5 Bg7 8. Nd5 a6 9. c3 Be6 10. Nxe6 fxe6 11. Nf4 Kf7 12. Bc4 Re8 13. O-O Qd7 14. Qe2 Ne5 15. Bb3 Qb5 16. Rae1 Qxe2 17. Rxe2 h6 18. Bxf6 Kxf6 19. Rd1 Rad8 20. Nd3 g5 21. g3 Nxd3 22. Rxd3 Ke5 23. Rf3 Rf8 24. Ree3 b5 25. Kg2 c5 26. Rxf8 Rxf8 27. f4+ gxf4 28. gxf4+ Rxf4 29. Rg3 Bf6 30. Bc2 c4 31. Rf3 Bg5 32. Kf2 Rxf3+ 33. Kxf3 Bc1 34. b3 Bd2 35. a4 Bxc3 36. axb5 axb5 37. bxc4 bxc4 38. Ba4 Bd2 39. Bd7 Bg5 40. Ke2 d5 41. exd5 exd5 42. Bb5 Kd4 43. Bc6 Kc5 0-1

[Event "10. HIT Open A"]
[Site "?"]
[Date "2005.02.03"]
[Round "9"]
[White "Delchev Aleksander"]
[Black "Drazic Sinisa"]
[Result "1-0"]
[WhiteElo "2597"]
[BlackElo "2489"]
[PlyCount "73"]
[EventDate "2005.??.??"]
[Source "www.chesslib.no"]
[SourceDate "2004.05.04"]

1. e4 Nc6 2. Nf3 d6 3. d4 Nf6 4. Nc3 a6 5. h3 e5 6. dxe5 Nxe5 7. Nxe5 dxe5 8. Qxd8+ Kxd8 9. Bg5 Be6 10. O-O-O+ Kc8 11. f4 exf4 12. e5 Nd7 13. Bxf4 g5 14. Bxg5 Bg7 15. Nd5 Bxe5 16. Bc4 Kb8 17. Ne3 Nc5 18. Rhf1 Ka7 19. Be7 Ne4 20. Bxe6 fxe6 21. Nc4 Rae8 22. Rf7 Bg3 23. Rd4 Nf2 24. Bh4 e5 25. Bxg3 exd4 26. Bxf2 c5 27. Nd6 Ref8 28. Rxb7+ Ka8 29. Bh4 Rhg8 30. g3 Rg6 31. Rd7 Re6 32. b3 Rf2 33. Nc4 Re1+ 34. Kb2 Ree2 35. Be7 Rxc2+ 36. Kb1 Kb8 37. Bd6+ 1-0

[Event "Linares zt"]
[Site "Linares"]
[Date "1995.??.??"]
[Round "3"]
[White "Nijboer, Friso"]
[Black "Miles, Anthony J"]
[Result "0-1"]
[WhiteElo "2485"]
[BlackElo "2600"]
[PlyCount "84"]
[EventDate "1995.11.??"]
[Source "ChessBase"]

1. e4 Nc6 2. Nf3 d6 3. d4 Nf6 4. Nbd2 g6 5. Bb5 a6 6. Bxc6+ bxc6 7. O-O Bg7 8. e5 Nd5 9. c4 Nb6 10. Qe2 O-O 11. Rd1 a5 12. Nf1 Ba6 13. b3 Qd7 14. Ng5 Bc8 15. f4 a4 16. Be3 f6 17. Nf3 Qe8 18. h3 fxe5 19. fxe5 h6 20. Rac1 axb3 21. axb3 g5 22. d5 cxd5 23. cxd5 Ba6 24. Qd2 Bxf1 25. Rxf1 Qb5 26. Rfd1 Qxb3 27. Rxc7 Nc4 28. Qd3 Qxd3 29. Rxd3 Ra1+ 30. Kf2 Nxe5 31. Rd2 Rf7 32. Ra7 Rb1 33. Ra4 Kh7 34. Kg3 Rb3 35. Re4 Ra3 36. h4 Nxf3 37. gxf3 gxh4+ 38. Kg4 Bf6 39. f4 Rg7+ 40. Kf5 h3 41. Rh2 Rg3 42. Bc5 dxc5 0-1

[Event "Dubna"]
[Site "Dubna"]
[Date "1973.??.??"]
[Round "?"]
[White "Vasiukov, Evgeni A"]
[Black "Lutikov, Anatoly S"]
[Result "1/2-1/2"]
[WhiteElo "2560"]
[BlackElo "2520"]
[PlyCount "81"]
[EventDate "1973.12.??"]
[Source "www.chesslib.no"]
[SourceDate "2004.05.04"]

1. e4 Nc6 2. Nf3 d6 3. d4 Nf6 4. d5 Ne5 5. Nxe5 dxe5 6. Bb5+ Bd7 7. Qe2 a6 8. Bxd7+ Qxd7 9. Bg5 g6 10. c4 h6 11. Bd2 Bg7 12. Bc3 Nh5 13. g3 O-O 14. Nd2 e6 15. O-O-O exd5 16. cxd5 Rfe8 17. Nc4 a5 18. Rhe1 a4 19. Kb1 Ra6 20. Rd2 Qe7 21. a3 Rd8 22. Red1 Kh7 23. f3 Bf6 24. Rd3 Rd7 25. Qc2 Qe8 26. Bb4 Bg7 27. Bc3 Re7 28. Bb4 Rd7 29. Na5 Qc8 30. Rc3 Nf6 31. Rc1 Ne8 32. Nc4 Qd8 33. Ne3 Qf6 34. Qe2 Qd8 35. Nc4 Qa8 36. Qf2 Qd8 37. R3c2 Qf6 38. Ka1 h5 39. Rc3 Bh6 40. R1c2 c6 41. Nb6 1/2-1/2

[Event "It (open)"]
[Site "?"]
[Date "2005.05.19"]
[Round "3"]
[White "Sadvakasov Darmen"]
[Black "Gonzales Jayson"]
[Result "1-0"]
[WhiteElo "2605"]
[BlackElo "2474"]
[PlyCount "115"]
[EventDate "2005.??.??"]
[Source "www.chesslib.no"]
[SourceDate "2004.05.04"]

1. e4 Nc6 2. Nf3 d6 3. d4 Nf6 4. Nc3 Bg4 5. Bb5 a6 6. Bxc6+ bxc6 7. Qd3 e6 8. O-O Bh5 9. d5 cxd5 10. exd5 e5 11. Nh4 Be7 12. Nf5 Bg6 13. Nxg7+ Kf8 14. Nf5 Qd7 15. Bh6+ Ke8 16. Ng7+ Kd8 17. Qc4 Ng4 18. Bd2 Rg8 19. Ne6+ fxe6 20. dxe6 Qc8 21. Qxg4 Bf7 22. Qe4 Bxe6 23. f4 Bf5 24. Qd5 Be6 25. Qf3 Bg4 26. Qe3 Bh3 27. Rf2 exf4 28. Qxf4 Qb7 29. Qe4 Qxe4 30. Nxe4 Kd7 31. Ng3 Be6 32. Nh5 Raf8 33. b3 Rxf2 34. Kxf2 Bh4+ 35. g3 Rf8+ 36. Nf4 Bg5 37. Re1 Bf5 38. c4 h5 39. Be3 Bg4 40. Rc1 h4 41. c5 hxg3+ 42. Kxg3 Bf5 43. Ne6 Bxe6 44. Bxg5 Rf5 45. c6+ Ke8 46. h4 Rc5 47. Rxc5 dxc5 48. Bf4 c4 49. b4 c3 50. Bxc7 Bd5 51. h5 Bxc6 52. h6 Be4 53. Be5 c2 54. Bb2 a5 55. Kf4 Bh7 56. b5 a4 57. Ke5 Kd7 58. Kd5 1-0

[Event "Capablanca mem-A"]
[Site "Camaguey CUB"]
[Date "1974.??.??"]
[Round "9"]
[White "Vasiukov, Evgeni A"]
[Black "Knaak, Rainer F A"]
[Result "1-0"]
[WhiteElo "2560"]
[BlackElo "2515"]
[PlyCount "61"]
[EventDate "1974.03.??"]
[Source "www.chesslib.no"]
[SourceDate "2004.05.04"]

1. e4 Nc6 2. Nf3 d6 3. d4 Bg4 4. Bb5 a6 5. Bxc6+ bxc6 6. h3 Bh5 7. c4 e6 8. Nc3 Be7 9. Qa4 Qd7 10. Be3 f5 11. exf5 exf5 12. O-O-O Bxf3 13. gxf3 Nf6 14. h4 O-O 15. h5 h6 16. Ne2 Rf7 17. Rhg1 Kh7 18. Nf4 c5 19. Qc2 cxd4 20. Bxd4 c6 21. Kb1 Ne8 22. Ng6 Bf6 23. Bxf6 Rxf6 24. Rge1 Rd8 25. Re7 Qc8 26. Rde1 d5 27. cxd5 Nc7 28. dxc6 Rdd6 29. Qb3 Qd8 30. Rxc7 Qxc7 31. Re8 1-0

[Event "Sevilla Open"]
[Site "Seville ESP"]
[Date "1994.??.??"]
[Round "9"]
[White "Hernandez, Gilberto"]
[Black "Miles, Anthony J"]
[Result "0-1"]
[WhiteElo "2485"]
[BlackElo "2590"]
[PlyCount "74"]
[EventDate "1994.01.??"]
[Source "www.chesslib.no"]
[SourceDate "2004.05.04"]

1. e4 Nc6 2. Nf3 d6 3. Nc3 Nf6 4. d4 Bg4 5. Be3 e6 6. h3 Bh5 7. Qe2 d5 8. g4 Bg6 9. exd5 Nxd5 10. a3 h5 11. Nxd5 Qxd5 12. Bg2 hxg4 13. hxg4 Rxh1+ 14. Bxh1 O-O-O 15. Bg2 Be7 16. c4 Qa5+ 17. Kf1 Qa4 18. Kg1 Bf6 19. Rd1 Bc2 20. Rc1 Be4 21. g5 Be7 22. Rc3 Qa5 23. Ne5 Bxg2 24. Kxg2 Nxe5 25. dxe5 Qxe5 26. Qf3 Qf5 27. Qxf5 exf5 28. Rc1 Rd3 29. Rh1 Bd6 30. Rh8+ Kd7 31. Bxa7 b6 32. Rg8 g6 33. a4 Rb3 34. a5 Rxb2 35. axb6 cxb6 36. Bb8 Bc5 37. Bg3 Rc2 0-1

[Event "Bethune"]
[Site "?"]
[Date "2000.12.29"]
[Round "6"]
[White "Sokolov Andrei"]
[Black "Okhotnik Vladimir"]
[Result "1-0"]
[WhiteElo "2564"]
[BlackElo "2510"]
[PlyCount "28"]
[EventDate "2000.??.??"]
[Source "www.chesslib.no"]
[SourceDate "2004.05.04"]

1. e4 Nc6 2. d4 d5 3. Nc3 Nf6 4. e5 Ng8 5. Nce2 e6 6. f4 b6 7. Ng3 g6 8. c3 Qd7 9. Nf3 Bb7 10. Bd3 Nge7 11. Be3 Nf5 12. Bf2 Nxg3 13. hxg3 Be7 14. g4 O-O-O 1-0

[Event "Nordic-ch"]
[Site "Aarhus"]
[Date "2003.09.08"]
[Round "3"]
[White "Hector, Jonny"]
[Black "Gausel, Einar"]
[Result "1-0"]
[WhiteElo "2538"]
[BlackElo "2533"]
[PlyCount "93"]
[EventDate "2003.09.06"]
[Source "ChessBase"]
[SourceDate "2004.02.03"]

1. e4 Nc6 2. d4 e5 3. dxe5 Nxe5 4. Nf3 Qf6 5. Nxe5 Qxe5 6. Bd3 Bb4+ 7. Nd2 Ne7 8. O-O d5 9. exd5 Bd6 10. g3 Qxd5 11. Be4 Qc5 12. Rb1 a5 13. b3 O-O 14. Nc4 Rd8 15. Ba3 Qg5 16. h4 Qb5 17. Nxd6 cxd6 18. c4 Qb6 19. Qc2 h6 20. Rbd1 Bg4 21. Rd2 a4 22. Rb1 Qc7 23. Qd3 Qc8 24. Bxd6 axb3 25. Qxb3 Nc6 26. c5 Bf5 27. Bxf5 Qxf5 28. Re1 Rd7 29. Qc4 Rdd8 30. Rb2 Rd7 31. Re4 Qf3 32. Rbe2 Ra3 33. R4e3 Rxe3 34. Rxe3 Qf5 35. Re8+ Kh7 36. g4 Qf3 37. Re3 Qd1+ 38. Kh2 Qb1 39. h5 Kg8 40. Kg2 Qd1 41. Re8+ Kh7 42. Qe4+ g6 43. hxg6+ fxg6 44. Rh8+ Kxh8 45. Qe8+ Kh7 46. Qxd7+ Kg8 47. Qc8+ 1-0

[Event "Iraklion Open"]
[Site "Iraklion"]
[Date "1992.??.??"]
[Round "5"]
[White "Georgiev, Krum I"]
[Black "Miles, Anthony J"]
[Result "1-0"]
[WhiteElo "2505"]
[BlackElo "2565"]
[PlyCount "75"]
[EventDate "1992.??.??"]
[Source "www.chesslib.no"]
[SourceDate "2004.05.04"]

1. e4 Nc6 2. Nf3 d6 3. d4 Nf6 4. Nc3 Bg4 5. Be3 e6 6. d5 exd5 7. exd5 Ne5 8. Bb5+ Nfd7 9. Nxe5 Bxd1 10. Bxd7+ Ke7 11. Nc6+ bxc6 12. dxc6 f6 13. Rxd1 Kf7 14. Nd5 Be7 15. O-O f5 16. Bd4 Bf6 17. Bxf6 gxf6 18. Rfe1 Rb8 19. b3 Rb5 20. c4 Ra5 21. Re2 f4 22. Rde1 Rxd5 23. Be6+ Kg6 24. Bxd5 Qb8 25. Re7 Qb4 26. R1e6 Qc3 27. h4 Qa1+ 28. Kh2 Qd4 29. Be4+ Kh5 30. Bf3+ Kg6 31. Re4 Qd2 32. Rxc7 Qxf2 33. Rxf4 Qe1 34. Be4+ f5 35. Bxf5+ Kh6 36. Be4 Kh5 37. Rcf7 Qe3 38. R7f6 1-0

[Event "It (Open) Lake George USA"]
[Site "?"]
[Date "2005.05.12"]
[Round "3"]
[White "Shabalov Alexander"]
[Black "Gonzales Jayson"]
[Result "1-0"]
[WhiteElo "2593"]
[BlackElo "2474"]
[PlyCount "55"]
[EventDate "2005.??.??"]
[Source "www.chesslib.no"]
[SourceDate "2004.05.04"]

1. e4 Nc6 2. d4 d6 3. Nc3 Nf6 4. Nge2 e5 5. d5 Nb8 6. Ng3 g6 7. h4 Bg7 8. Be2 c5 9. h5 a6 10. a4 b6 11. Bg5 Nbd7 12. Nf1 Qc7 13. Ne3 h6 14. Bh4 O-O 15. Qd2 Rb8 16. Bg4 b5 17. axb5 axb5 18. hxg6 b4 19. gxf7+ Rxf7 20. Ne2 Nxe4 21. Qd3 Ndf6 22. Be6 Bxe6 23. dxe6 Re7 24. Nd5 Nxd5 25. Qxe4 Nf6 26. Bxf6 Bxf6 27. Rxh6 Rf8 28. Ra8 1-0

[Event "ECC"]
[Site "Rethymnon"]
[Date "2003.09.28"]
[Round "1"]
[White "Kobalija, Mihail"]
[Black "Salmensuu, Olli"]
[Result "1-0"]
[WhiteElo "2656"]
[BlackElo "2410"]
[PlyCount "61"]
[EventDate "2003.09.28"]
[Source "Roberto Alvarez"]
[SourceDate "2003.10.06"]

1. e4 Nc6 2. Nf3 f5 3. e5 d6 4. exd6 cxd6 5. d4 Nf6 6. Nc3 g6 7. Bc4 Bg7 8. Qe2 d5 9. Bb5 O-O 10. O-O a6 11. Bxc6 bxc6 12. Bf4 Ne4 13. Rfd1 c5 14. Be5 Bxe5 15. Nxe5 cxd4 16. Rxd4 Qc7 17. Nf3 Nxc3 18. bxc3 Qxc3 19. Rad1 e6 20. h4 Ra7 21. R1d3 Qa1+ 22. Kh2 Qxa2 23. Rc3 Re7 24. Qd2 Qb1 25. Rb3 Qf1 26. Ne5 a5 27. h5 g5 28. Rg3 h6 29. Ng6 Rb7 30. Rb3 Rxb3 31. cxb3 1-0

[Event "Linares Anibal op 3rd"]
[Site "Linares"]
[Date "1996.??.??"]
[Round "?"]
[White "Yagupov, Igor"]
[Black "Hodgson, Julian M"]
[Result "1/2-1/2"]
[WhiteElo "2450"]
[BlackElo "2615"]
[PlyCount "82"]
[EventDate "1996.01.??"]
[Source "ChessBase"]

1. e4 Nc6 2. Nf3 d6 3. d4 Nf6 4. Nc3 Bg4 5. Be3 a6 6. h3 Bh5 7. d5 Nb8 8. a4 Bxf3 9. Qxf3 g6 10. Qd1 Bg7 11. Be2 O-O 12. O-O c6 13. a5 Nbd7 14. f4 Qb8 15. Ra3 Qc7 16. Qd3 Rfe8 17. g4 cxd5 18. exd5 e6 19. dxe6 Rxe6 20. g5 Rae8 21. Bd4 Ne4 22. Bxg7 Kxg7 23. Qd4+ Kg8 24. Bg4 Nxc3 25. Rxc3 Qxa5 26. Bxe6 Rxe6 27. Re3 Rxe3 28. Qxe3 Qf5 29. Qd3 Qe6 30. b4 h6 31. gxh6 Kh7 32. f5 Qe7 33. Qg3 Kxh6 34. h4 Ne5 35. Qf4+ Kh7 36. Qg5 Qc7 37. fxg6+ fxg6 38. h5 Qxc2 39. Qe7+ Kh6 40. Qxd6 Qe4 41. hxg6 Qg4+ 1/2-1/2

[Event "Calcutta op"]
[Site "Calcutta"]
[Date "1994.??.??"]
[Round "4"]
[White "Thipsay, Praveen Mahadeo"]
[Black "Miles, Anthony J"]
[Result "1-0"]
[WhiteElo "2475"]
[BlackElo "2590"]
[PlyCount "101"]
[EventDate "1994.02.??"]
[Source "ChessBase"]

1. e4 Nc6 2. d4 e5 3. dxe5 Nxe5 4. Nf3 Bb4+ 5. c3 Nxf3+ 6. Qxf3 Bc5 7. Be3 Bxe3 8. Qxe3 Nf6 9. Nd2 O-O 10. Bd3 Re8 11. O-O d5 12. Rae1 Bf5 13. Qf3 dxe4 14. Nxe4 Bxe4 15. Bxe4 Qd2 16. Re2 Nxe4 17. Rxd2 Nxd2 18. Qxb7 Nxf1 19. Kxf1 c5 20. b3 g6 21. Qa6 Kg7 22. g3 h5 23. h4 Re5 24. Qa5 Rf5 25. c4 Re8 26. f4 Re7 27. Qd8 Re6 28. Qa5 a6 29. Qd8 Rc6 30. Qe7 Rff6 31. Qe5 Kh7 32. Qe7 Rcd6 33. Kf2 Kg7 34. Qe5 Rd2+ 35. Kf3 Rxa2 36. Qxc5 a5 37. Qd4 Rc2 38. Qd3 Rc1 39. Qd2 Rb1 40. Qc3 Rd1 41. c5 Rd7 42. Ke4 Rb7 43. c6 Re7+ 44. Kd4 Kh7 45. Kc5 Rf5+ 46. Kb6 Re6 47. Ka7 Rff6 48. Kb7 Re7+ 49. c7 Rd6 50. Qc5 Rdd7 51. Kb8 1-0